Fairly Useless Knowledge Quiz Stats

Quiz Updated Dec 11, 2013

Challenge
Share
Tweet
Score 0/53 Timer 08:00
6 Plays Today
% Correct
New Moon
85.5%
Joe
84%
Nick
79.8%
Twilight
79.3%
Kelly Clarkson
76.4%
Nicole 'Snooki' Polizzi
75.9%
Eclipse
72.4%
Michael 'The Situation' Sorrentino
68.8%
Kevin
60.6%
Breaking Dawn
58.9%
Victoria Beckham
58.6%
Carrie Underwood
57.3%
Jenni 'JWoww' Farley
52.3%
Paul 'DJ Pauly D' DelVecchio
49.3%
Ruben Studdard
49.2%
You are my fire
47.5%
Larry the Cable Guy
44.4%
Sammi 'Sweetheart' Giancola
40.7%
Jeff Foxworthy
40.7%
Ronnie Ortiz-Magro
40%
The one desire
39.7%
Vinny Guadagnino
38.5%
I want it that way
38.1%
Believe when I say
34.9%
Lee Dewyze
33.7%
Melanie Brown
33.3%
Aaden
31.9%
% Correct
Emma Bunton
31.5%
Geri Halliwell
31.5%
Melanie Chisholm
31.4%
Taylor Hicks
31.3%
Madelyn
30.8%
David Cook
29.5%
Photograph
29%
Angelina 'Jolie' Pivarnick
28.8%
Cara
26.4%
Jordin Sparks
26.4%
Ron White
26%
Joel
25.4%
Hannah
24.5%
Fantasia Barrino
22.5%
Bill Engvall
22.1%
Deena Nicole Cortese
20.6%
Alexis
20.5%
Leah
20.5%
Collin
20.3%
How You Remind Me
17.8%
Phillip Phillips
17.7%
Scotty Mccreery
11.1%
Someday
8.2%
Kris Allen
5.1%
Candice Glover
3.3%
Figured You Out
1.4%

You're not logged in!

Compare scores with friends on all Sporcle quizzes.
Join for Free
OR
Log In

You Might Also Like...

Show Comments

Extras

Top Quizzes Today


Score Distribution

Your Account Isn't Verified!

In order to create a playlist on Sporcle, you need to verify the email address you used during registration. Go to your Sporcle Settings to finish the process.

Report this User

Report this user for behavior that violates our Community Guidelines.

Details: